82 best canadian stories
Guardat en:
| Autor principal: | |
|---|---|
| Format: | Llibre |
| Idioma: | English |
| Publicat: |
Canadá
Oberon
1982
|
| Matèries: | |
| Etiquetes: |
Afegir etiqueta
Sense etiquetes, Sigues el primer a etiquetar aquest registre!
|
MARC
| LEADER | 00000nam a2200000Ia 4500 | ||
|---|---|---|---|
| 008 | 170316s9999 xx 000 0 eng d | ||
| 040 | |a cru BVZT | ||
| 090 | |a 818 M-18e | ||
| 100 | |a Metcalf, John y Leonel Rooke | ||
| 245 | |a 82 best canadian stories | ||
| 260 | |a Canadá | ||
| 260 | |b Oberon | ||
| 260 | |c 1982 | ||
| 300 | |a 187 páginas | ||
| 650 | |a LITERATURA CANADIENSE | ||
| 999 | |c 6559 |d 6559 | ||
| 942 | |c 15 D |h 818 M-18e |2 z | ||
